| 000 | 00418nam a2200157Ia 4500 | ||
|---|---|---|---|
| 008 | 230312s9999||||xx |||||||||||||| ||und|| | ||
| 020 | _a81-317-0743-1 | ||
| 082 |
_a519.4628 _bHAN-M |
||
| 100 | _aHanselmen, Duane | ||
| 245 | 0 | _aMastering MATLAB 7 | |
| 260 |
_bPearson Education _aSouth Asia _c2005 |
||
| 300 | _a864 | ||
| 546 | _aEng. | ||
| 650 |
_aEngineering _vTypographical conversation,new in matlab |
||
| 942 | _cBK | ||
| 999 |
_c2149 _d2149 |
||